| 000 | 00703nam a2200241 a 4500 | ||
|---|---|---|---|
| 008 | |||
| 020 | _a0030414814 (cased) | ||
| 049 | _aMAIN | ||
| 090 | _aHB172 | ||
| 100 | 1 | _aNicholson, Walter. | |
| 245 | 1 | 0 |
_aIntermediate microeconomics and its application / _cWalter Nicholson. |
| 250 | _a2nd ed. | ||
| 260 |
_aHinsdale, Ill. : _bDryden Press, _cc1979. |
||
| 300 |
_axvi, 614 p. : _bill. ; _c24 cm. |
||
| 504 | _aIncludes bibliographical references. | ||
| 500 | _aIncludes indexes. | ||
| 650 | 0 | _aMicroeconomics. | |
| 907 |
_a.b10035266 _b10-12-03 _c17-04-03 |
||
| 003 | |||
| 005 | 20231205124756.0 | ||
| 040 | _cNUST | ||
| 942 |
_cBOOKS _kHB172 _01 |
||
| 999 |
_c149034 _d149034 |
||